Normal view
MARC view
- الاعلان
Entry Topical Term
001 - CONTROL NUMBER
- control field: 34089
003 - CONTROL NUMBER IDENTIFIER
- control field: JO-AjAnu
005 - DATE AND TIME OF LATEST TRANSACTION
- control field: 20230606075719.0
008 - FIXED-LENGTH DATA ELEMENTS
- fixed length control field: 230606|| aca||aabn | a|a d
040 ## - CATALOGING SOURCE
- Original cataloging agency: JO-AjAnu
- Transcribing agency: JO-AjAnu
150 ## - HEADING--TOPICAL TERM
- Topical term or geographic name entry element: الاعلان
670 ## - SOURCE DATA FOUND
- Source citation: Work cat.: (JO-AjAnu)17507: تاليف: بيرنو،ادموند ؛ ترجمة: شرين الاشرفي ؛ مراجعة: محمد وفائي كامل, author 34088, الاعلان = Advertising